| 000 | 00594nam a2200193Ia 4500 | ||
|---|---|---|---|
| 003 | OSt | ||
| 005 | 20260427151954.0 | ||
| 008 | 210210b1978 xxu||||| |||| 00| 0 eng d | ||
| 040 | _cAL | ||
| 041 | _aKannada | ||
| 082 | _a398.2K HOLK | ||
| 100 |
_aHOLLA VIDVAN (D V). _dವಿದ್ವಾನ್ ಡಿ. ವಿ. ಹೊಳ್ಳ _9262904 |
||
| 245 |
_aKuvalayashva Vijaya. _b ಕುವಲಯಾಶ್ವ ವಿಜಯ (ಮದಾಲಸಾ ಪರಿಣಯ) |
||
| 260 |
_aKundapura _bD.V Holla Vidvan _c1978 |
||
| 300 | _a42 | ||
| 690 |
_aFolklore _9262905 |
||
| 906 | _a042204 | ||
| 942 |
_2ddc _cBK |
||
| 999 |
_c91855 _d91855 |
||